Planety w Układzie Słonecznym - Statystyki

Ogólne statystyki
  • Ten quiz został rozwiązany 15 468 razy
  • Średni wynik to 8 z 8
Statystyki odpowiedzi
Planety % Poprawnych
Mars
99%
Ziemia
99%
Jowisz
97%
Saturn
97%
Neptun
95%
Merkury
93%
Wenus
93%
Uran
92%
Nie znaleziono quizów pasujących do podanych kryteriów
Rozkład punktacji
Procent ludzi z każdym wynikiem
Percentyl według liczby udzielonych odpowiedzi
Twoja historia wyników
Nie rozwiązałeś tego quizu